| 000 -LEADER |
| fixed length control field |
01221pab a2200181 454500 |
| 008 - FIXED-LENGTH DATA ELEMENTS--GENERAL INFORMATION |
| fixed length control field |
180718b2004 xxu||||| |||| 00| 0 eng d |
| 100 ## - MAIN ENTRY--PERSONAL NAME |
| Personal name |
Vittal, N. |
| 245 ## - TITLE STATEMENT |
| Title |
Scope for resource mobilisation and expenditure control: A pragmatic approach |
| 260 ## - PUBLICATION, DISTRIBUTION, ETC. |
| Date of publication, distribution, etc. |
2004 |
| 300 ## - PHYSICAL DESCRIPTION |
| Extent |
p.531-542. |
| 362 ## - DATES OF PUBLICATION AND/OR SEQUENTIAL DESIGNATION |
| Dates of publication and/or sequential designation |
Jul-Sep |
| 520 ## - SUMMARY, ETC. |
| Summary, etc. |
The basic problem in resource mobilisation and expenditure control is to find out a formula by which good economics is also good politics. Till now, inspite of not so healthy fiscal trends, political considerations have restrained some pragmatic and much needed reforms and restructuring measures. With the advent of coalition politics and the changing political paradigm, the strategy for resource mobilisation and expenditure control has to be free from parochial considerations and politically neutral. Besides the political will to rationalise expenditure policies, it is imperative that some novel approaches are adopted to locate areas of waste and implement innovative measures for controlling wasteful expenditure. - Reproduced. |
| 650 ## - SUBJECT ADDED ENTRY--TOPICAL TERM |
| Topical term or geographic name entry element |
Resources management |
| 650 ## - SUBJECT ADDED ENTRY--TOPICAL TERM |
| Topical term or geographic name entry element |
Public expenditure |
| 773 ## - HOST ITEM ENTRY |
| Main entry heading |
Indian Journal of Public Administration |
| 908 ## - PUT COMMAND PARAMETER (RLIN) |
| Put command parameter |
N |
| 909 ## - |
| -- |
63065 |